Μεγάλη ελληνική εγκυκλοπαίδεια
Αποθηκεύτηκε σε:
| Άλλοι συγγραφείς: | |
|---|---|
| Μορφή: | Βιβλίο |
| Γλώσσα: | Greek |
| Δημοσίευση: |
Αθήναι :
Πυρσός,
1927-1934
|
| Θέματα: | |
| Ετικέτες: |
Προσθήκη ετικέτας
Δεν υπάρχουν, Καταχωρήστε ετικέτα πρώτοι!
|
MARC
| LEADER | 00000nam a2200000 i 4500 | ||
|---|---|---|---|
| 001 | 1/9814 | ||
| 008 | 970326m19271934 gre d | ||
| 035 | |l 10017626 | ||
| 040 | |a GR-MY-UA |b gre |e aacr | ||
| 041 | 0 | |a gre | |
| 082 | 0 | |a 039 | |
| 245 | 1 | 0 | |a Μεγάλη ελληνική εγκυκλοπαίδεια / |c Παύλος Δρανδάκης |
| 260 | |a Αθήναι : |b Πυρσός, |c 1927-1934 | ||
| 300 | |a 24 τ. | ||
| 650 | 0 | 0 | |a Encyclopedias and dictionaries, Greek. |
| 700 | 1 | |a Δρανδάκης, Παύλος, |d 1896-1945. | |
| 852 | |a INST |b LESVOS |e 19970326 |h 039 ΜΕΓ |p 005100019243 |q 005100019243 |t REF |y 23 |z τ.24 | ||
| 852 | |a INST |b LESVOS |e 19970326 |h 039 ΜΕΓ |p 005100019244 |q 005100019244 |t REF |y 23 |z τ.23 | ||
| 852 | |a INST |b LESVOS |e 19970326 |h 039 ΜΕΓ |p 005100019245 |q 005100019245 |t REF |y 23 |z τ.22 | ||
| 852 | |a INST |b LESVOS |e 19970326 |h 039 ΜΕΓ |p 005100019246 |q 005100019246 |t REF |y 23 |z τ.21 | ||
| 852 | |a INST |b LESVOS |e 19970326 |h 039 ΜΕΓ |p 005100019247 |q 005100019247 |t REF |y 23 |z τ.20 | ||
| 852 | |a INST |b LESVOS |e 19970326 |h 039 ΜΕΓ |p 005100019248 |q 005100019248 |t REF |y 23 |z τ.19 | ||
| 852 | |a INST |b LESVOS |e 19970326 |h 039 ΜΕΓ |p 005100019249 |q 005100019249 |t REF |y 23 |z τ.18 | ||
| 852 | |a INST |b LESVOS |e 19970326 |h 039 ΜΕΓ |p 005100019250 |q 005100019250 |t REF |y 23 |z τ.17 | ||
| 852 | |a INST |b LESVOS |e 19970326 |h 039 ΜΕΓ |p 005100019251 |q 005100019251 |t REF |y 23 |z τ.16 | ||
| 852 | |a INST |b LESVOS |e 19970326 |h 039 ΜΕΓ |p 005100019252 |q 005100019252 |t REF |y 23 |z τ.15 | ||
| 852 | |a INST |b LESVOS |e 19970326 |h 039 ΜΕΓ |p 005100019253 |q 005100019253 |t REF |y 23 |z τ.14 | ||
| 852 | |a INST |b LESVOS |e 19970326 |h 039 ΜΕΓ |p 005100019254 |q 005100019254 |t REF |y 23 |z τ.13 | ||
| 852 | |a INST |b LESVOS |e 19970326 |h 039 ΜΕΓ |p 005100019255 |q 005100019255 |t REF |y 23 |z τ.12 | ||
| 852 | |a INST |b LESVOS |e 19970326 |h 039 ΜΕΓ |p 005100019256 |q 005100019256 |t REF |y 23 |z τ.11 | ||
| 852 | |a INST |b LESVOS |e 19970326 |h 039 ΜΕΓ |p 005100019257 |q 005100019257 |t REF |y 23 |z τ.10 | ||
| 852 | |a INST |b LESVOS |e 19970326 |h 039 ΜΕΓ |p 005100019258 |q 005100019258 |t REF |y 23 |z τ.9 | ||
| 852 | |a INST |b LESVOS |e 19970326 |h 039 ΜΕΓ |p 005100019259 |q 005100019259 |t REF |y 23 |z τ.8 | ||
| 852 | |a INST |b LESVOS |e 19970326 |h 039 ΜΕΓ |p 005100019260 |q 005100019260 |t REF |y 23 |z τ.7 | ||
| 852 | |a INST |b LESVOS |e 19970326 |h 039 ΜΕΓ |p 005100019265 |q 005100019265 |t REF |y 23 |z τ.6 | ||
| 852 | |a INST |b LESVOS |e 19970326 |h 039 ΜΕΓ |p 005100019266 |q 005100019266 |t REF |y 23 |z τ.5 | ||
| 852 | |a INST |b LESVOS |e 19970326 |h 039 ΜΕΓ |p 005100019267 |q 005100019267 |t REF |y 23 |z τ.4 | ||
| 852 | |a INST |b LESVOS |e 19970326 |h 039 ΜΕΓ |p 005100019268 |q 005100019268 |t REF |y 23 |z τ.3 | ||
| 852 | |a INST |b LESVOS |e 19970326 |h 039 ΜΕΓ |p 005100019269 |q 005100019269 |t REF |y 23 |z τ.2 | ||
| 852 | |a INST |b LESVOS |e 19970326 |h 039 ΜΕΓ |p 005100019270 |q 005100019270 |t REF |y 23 |z τ.1 | ||
| 852 | |a INST |b LESVOS |e 19970326 |h 039 ΜΕΓ |p 005100019243 |q 005100019243 |t REF |v τ.24: |y 23 |z τ.24 | ||
| 852 | |a INST |b LESVOS |e 19970326 |h 039 ΜΕΓ |p 005100019244 |q 005100019244 |t REF |v τ.23: |y 23 |z τ.23 | ||
| 852 | |a INST |b LESVOS |e 19970326 |h 039 ΜΕΓ |p 005100019245 |q 005100019245 |t REF |v τ.22: |y 23 |z τ.22 | ||
| 852 | |a INST |b LESVOS |e 19970326 |h 039 ΜΕΓ |p 005100019246 |q 005100019246 |t REF |v τ.21: |y 23 |z τ.21 | ||
| 852 | |a INST |b LESVOS |e 19970326 |h 039 ΜΕΓ |p 005100019247 |q 005100019247 |t REF |v τ.20: |y 23 |z τ.20 | ||
| 852 | |a INST |b LESVOS |e 19970326 |h 039 ΜΕΓ |p 005100019248 |q 005100019248 |t REF |v τ.19: |y 23 |z τ.19 | ||
| 852 | |a INST |b LESVOS |e 19970326 |h 039 ΜΕΓ |p 005100019249 |q 005100019249 |t REF |v τ.18: |y 23 |z τ.18 | ||
| 852 | |a INST |b LESVOS |e 19970326 |h 039 ΜΕΓ |p 005100019250 |q 005100019250 |t REF |v τ.17: |y 23 |z τ.17 | ||
| 852 | |a INST |b LESVOS |e 19970326 |h 039 ΜΕΓ |p 005100019251 |q 005100019251 |t REF |v τ.16: |y 23 |z τ.16 | ||
| 852 | |a INST |b LESVOS |e 19970326 |h 039 ΜΕΓ |p 005100019252 |q 005100019252 |t REF |v τ.15: |y 23 |z τ.15 | ||
| 852 | |a INST |b LESVOS |e 19970326 |h 039 ΜΕΓ |p 005100019253 |q 005100019253 |t REF |v τ.14: |y 23 |z τ.14 | ||
| 852 | |a INST |b LESVOS |e 19970326 |h 039 ΜΕΓ |p 005100019254 |q 005100019254 |t REF |v τ.13: |y 23 |z τ.13 | ||
| 852 | |a INST |b LESVOS |e 19970326 |h 039 ΜΕΓ |p 005100019255 |q 005100019255 |t REF |v τ.12: |y 23 |z τ.12 | ||
| 852 | |a INST |b LESVOS |e 19970326 |h 039 ΜΕΓ |p 005100019256 |q 005100019256 |t REF |v τ.11: |y 23 |z τ.11 | ||
| 852 | |a INST |b LESVOS |e 19970326 |h 039 ΜΕΓ |p 005100019257 |q 005100019257 |t REF |v τ.10: |y 23 |z τ.10 | ||
| 852 | |a INST |b LESVOS |e 19970326 |h 039 ΜΕΓ |p 005100019258 |q 005100019258 |t REF |v τ.9: |y 23 |z τ.9 | ||
| 852 | |a INST |b LESVOS |e 19970326 |h 039 ΜΕΓ |p 005100019259 |q 005100019259 |t REF |v τ.8: |y 23 |z τ.8 | ||
| 852 | |a INST |b LESVOS |e 19970326 |h 039 ΜΕΓ |p 005100019260 |q 005100019260 |t REF |v τ.7: |y 23 |z τ.7 | ||
| 852 | |a INST |b LESVOS |e 19970326 |h 039 ΜΕΓ |p 005100019265 |q 005100019265 |t REF |v τ.6: |y 23 |z τ.6 | ||
| 852 | |a INST |b LESVOS |e 19970326 |h 039 ΜΕΓ |p 005100019266 |q 005100019266 |t REF |v τ.5: |y 23 |z τ.5 | ||
| 852 | |a INST |b LESVOS |e 19970326 |h 039 ΜΕΓ |p 005100019267 |q 005100019267 |t REF |v τ.4: |y 23 |z τ.4 | ||
| 852 | |a INST |b LESVOS |e 19970326 |h 039 ΜΕΓ |p 005100019268 |q 005100019268 |t REF |v τ.3: |y 23 |z τ.3 | ||
| 852 | |a INST |b LESVOS |e 19970326 |h 039 ΜΕΓ |p 005100019269 |q 005100019269 |t REF |v τ.2: |y 23 |z τ.2 | ||
| 852 | |a INST |b LESVOS |e 19970326 |h 039 ΜΕΓ |p 005100019270 |q 005100019270 |t REF |v τ.1: |y 23 |z τ.1 | ||
| 853 | |a INST |b LESVOS |h 039 ΜΕΓ | ||
| 909 | |a Λ |b 019825 | ||
| 909 | |a Λ |b 019826 | ||
| 909 | |a Λ |b 019827 | ||
| 909 | |a Λ |b 019828 | ||
| 909 | |a Λ |b 019829 | ||
| 909 | |a Λ |b 019830 | ||
| 909 | |a Λ |b 019331 | ||
| 909 | |a Λ |b 019832 | ||
| 909 | |a Λ |b 019833 | ||
| 909 | |a Λ |b 019834 | ||
| 909 | |a Λ |b 019835 | ||
| 909 | |a Λ |b 019836 | ||
| 909 | |a Λ |b 019837 | ||
| 909 | |a Λ |b 019838 | ||
| 909 | |a Λ |b 019839 | ||
| 909 | |a Λ |b 019840 | ||
| 909 | |a Λ |b 019841 | ||
| 909 | |a Λ |b 019842 | ||
| 909 | |a Λ |b 019843 | ||
| 909 | |a Λ |b 019844 | ||
| 909 | |a Λ |b 019845 | ||
| 909 | |a Λ |b 019846 | ||
| 909 | |a Λ |b 019847 | ||
| 909 | |a Λ |b 019848 | ||